Southville International School and Colleges
Your cart is empty.
  • Cart
  • Lists
    Public lists Eva Luna New books Lux_list list_1
    Your lists Log in to create your own lists
  • Log in to your account
  • Your cookies
  • Search history
Southville International School and Colleges
  • Advanced search
  • Recent comments
  • Most popular
  • Libraries

Log in to your account

Log in with GOOGLE


If you do not have an external account, but do have a local account, you can still log in:

  1. Home
  2. MARC view: How are you peeling? :
Normal view MARC view ISBD view

How are you peeling? : (Record no. 42870)

[ view plain ]
MARC details
000 -LEADER
fixed length control field 00588nam a2200205Ia 4500
008 - FIXED-LENGTH DATA ELEMENTS--GENERAL INFORMATION
fixed length control field 140306s9999 xx 000 0 und d
020 ## - INTERNATIONAL STANDARD BOOK NUMBER
International Standard Book Number 9.780439217e+012
050 ## - LIBRARY OF CONGRESS CALL NUMBER
Classification number TX 652
Item number .F699 2000
100 ## - MAIN ENTRY--PERSONAL NAME
Personal name Freymann, Saxton
245 ## - TITLE STATEMENT
Title How are you peeling? :
Remainder of title Foods with moods /
Statement of responsibility, etc Saxton Freymann
260 ## - PUBLICATION, DISTRIBUTION, ETC. (IMPRINT)
Place of publication, distribution, etc USA :
Name of publisher, distributor, etc Scholastic Inc,
Date of publication, distribution, etc c2000.
300 ## - PHYSICAL DESCRIPTION
Extent 30 p. :
Other physical details col. Ill. ;
Dimensions 30 cm.
521 ## - TARGET AUDIENCE NOTE
Target audience note
526 ## - STUDY PROGRAM INFORMATION NOTE
Reading level BR
650 ## - SUBJECT ADDED ENTRY--TOPICAL TERM
Topical term or geographic name as entry element Emotions
General subdivision Juvenile literature.
650 ## - SUBJECT ADDED ENTRY--TOPICAL TERM
Topical term or geographic name as entry element Emotions.
650 ## - SUBJECT ADDED ENTRY--TOPICAL TERM
Topical term or geographic name as entry element Vegetable carving
General subdivision Juvenile literature.
942 ## - ADDED ENTRY ELEMENTS (KOHA)
Koha item type Books
Holdings
Withdrawn status Lost status Damaged status Home library Current library Shelving location Date acquired Total Checkouts Full call number Barcode Date last seen Price effective from Koha item type Source of classification or shelving scheme Copy number
      Munich Library Munich Library Scholastic Reading Center Section 03/07/2014   TX 652 .F622 2000 MS3168 03/07/2014 03/07/2014 Books    
      Munich Library Munich Library Scholastic Reading Center Section 03/15/2014   TX 652 .F699 2000 MS3183 03/15/2014 03/15/2014 Books Library of Congress Classification 2

How are you peeling? :

APA

Freymann S., . (2000). How are you peeling?. USA: Scholastic Inc.

Chicago

Freymann Saxton, . 2000. How are you peeling?. USA: Scholastic Inc.

Harvard

Freymann S., . (2000). How are you peeling?. USA: Scholastic Inc.

MLA

Freymann Saxton, . How are you peeling?. USA: Scholastic Inc. 2000.

  • Place hold
  • Print
  • Cite
  • Add to your cart (remove)
  • Save record
    BIBTEX Dublin Core MARCXML MARC (non-Unicode/MARC-8) MARC (Unicode/UTF-8) MARC (Unicode/UTF-8, Standard) MODS (XML) RIS
  • More searches
    Search for this title in:
    Other Libraries (WorldCat) Other Databases (Google Scholar) Online Stores (Bookfinder.com) Open Library (openlibrary.org)

Exporting to Dublin Core...

SOUTHVILLE LIBRARY

Southville International School and Colleges Library

1281 Tropical Ave. Cor. Luxembourg St., BF Homes International, Las Pinas City

Tel. No. 8256374 / 252358 Loc. 117/146

Powered by Koha